Statistics for Superbowl Winning QB's not in HOF

Click here to take the quiz!

General Stats

  • This quiz has been taken 60 times
    (30 since last reset)
  • The average score is 13 of 19

Answer Stats

SBQB% Correct
XXXVI, XXXVIII, XXXIX, XLIX, LI, LIIITom Brady
100%
XLII, XLVIEli Manning
92%
LVIMatthew Stafford
88%
LIVPatrick Mahomes
88%
XLVIIJoe Flacco
85%
XL, XLIIIBen Roethlisberger
81%
XLVIIIRussell Wilson
81%
LIINick Foles
77%
XLIVDrew Brees
73%
XLVAaron Rodgers
69%
XXXVIIBrad Johnson
62%
XXXVTrent Dilfer
62%
XXIIDoug Williams
58%
XXIPhil Simms
58%
XXJim McMahon
50%
XXVJeff Hostetler
42%
XV, XVIIIJim Plunkett
42%
XVIIJoe Theissmann
42%
XXVIMark Rypien
38%

Score Distribution

Percentile by Number Answered

Percent of People with Each Score

Your Score History

You have not taken this quiz since the last reset